[Event "Minneapolis HB Global op"]
[Site "Minneapolis"]
[Date "2005.05.22"]
[Round "8"]
[White "Smirin, Ilia"]
[Black "Akobian, Varuzhan"]
[Result "1-0"]
[WhiteElo "2649"]
[BlackElo "2556"]
[Annotator "Finkel,A"]
[PlyCount "51"]
[EventDate "2005.05.18"]
[EventType "swiss"]
[EventRounds "9"]
[EventCountry "USA"]
[SourceTitle "CBM 107"]
[Source "ChessBase"]
[SourceDate "2005.08.01"]
[SourceVersion "1"]
[SourceVersionDate "2005.08.01"]
[SourceQuality "1"]

{[%mdl 4096]} 1. e4 e6 2. d4 d5 3. Nd2 c5 4. Ngf3 Nf6 5. e5 Nfd7 6. c3 Nc6 7.
Bd3 Be7 8. O-O g5 9. dxc5 (9. b4 cxd4 10. cxd4 Nxb4 11. Bb1 Nb6 (11... g4 12.
Ne1 h5 13. Nb3 $44) 12. Ne1 Bd7 13. a3 Ba4 14. Qh5 $44 {Acs,P-Galyas,M/
Budapest 1994}) 9... g4 {This move is more accurate than 9...Nd:e5.} (9... Nxc5
10. Bb5 (10. Bc2 g4 11. Nd4 Nxe5 12. Qe2 Bf6 13. f4 Nc6 14. Nxc6 bxc6 15. Qxg4
$13 {Mamedov,N-Markos,J/Chalkidiki 2000}) 10... a6 11. Bxc6+ bxc6 12. Nd4 Qc7
13. Qh5 Nd3 14. N2f3 c5 15. Nxg5 cxd4 $2 (15... Bxg5 16. Bxg5 cxd4 17. Bf6 Rf8
18. cxd4 $13) 16. Qxf7+ Kd8 17. cxd4 Qb6 18. Qf3 $18 {Zakic,S-Drasko,M/JUG-ch
Banja Vrucica 1991}) (9... Ndxe5 10. Nxe5 (10. Bb5 Bd7 11. Qe2 Qc7 12. Re1 Ng6
(12... Nxf3+ 13. Nxf3 g4 14. Bxc6 Bxc6 15. Ne5 Bxc5 16. Qxg4 $14) 13. Nb3 $13 {
0-1 Rublevsky,S-Volkov,S/Ohrid MKD 2001/The Week in Chess 344 (40)}) 10... Nxe5
11. Nb3 Bd7 12. f4 Nxd3 13. Qxd3 h6 14. Be3 $14 {Hracek,Z-Stellwagen,D/2005})
10. Nd4 Ndxe5 11. Bb5 Bd7 (11... Bxc5 12. f4 Qb6 (12... gxf3 13. N2xf3 Bd7 14.
Bxc6 Nxc6 15. Ng5 $40 {[%csl Rf7] Gerigk,E-Martin,T/Germany 1993/GER-chT2}) 13.
fxe5 Bxd4+ 14. cxd4 Qxb5 15. Qxg4 Bd7 16. Qh4 $16 {Mortensen,E-Jorgensen,M/
Copenhagen 1997}) 12. N2b3 $5 {In his previous game aginst Akopjan Smirin
tried 12.B:c6, but didn't reach much out of the opening , so he switches back
to the main line to look for an improvement.} (12. f4 Nxd4 13. Bxd7+ Nxd7 (
13... Qxd7 14. cxd4 Nc6 15. Qxg4 (15. Nb3 f5 16. Be3 (16. Re1 Kf7 17. Qd3 Bf6
18. Bd2 $14) 16... Kf7 17. Nc1 Bf6 18. Nd3 Nxd4 19. Ne5+ Bxe5 20. fxe5 Nc6 21.
Qxg4 h5 22. Qh4 Rag8 $15 {Deepan Chakkravarthy,J-Dinesh Kumar,G/Chennai 2004})
15... Bf6 16. Nf3 Nxd4 17. Ne5 Qc7 18. Bd2 h5 19. Qd1 Bxe5 20. fxe5 Nf5 21. Rc1
Qc6 22. b4 d4 $132 {Smirin,I-Radjabov,T/Sarajevo 200}) 14. cxd4 f5 15. Qe2 Kf7
16. Re1 Nf8 17. b4 Qd7 18. Nb3 Bh4 19. g3 Be7 20. a4 $14 {Nouro,M-Masserey,Y/
Aalborg 1991}) (12. b4 h5 13. Re1 Nxd4 (13... Qc7 14. N2b3 a6 15. Bf4 f6 16.
Bxc6 bxc6 17. Qe2 Kf7 18. Na5 Bxc5 19. bxc5 Qxa5 20. Bxe5 fxe5 21. Qxe5 $16 {
Sebag,M-Langrock,H/playchess.com 2003}) 14. Bxd7+ Qxd7 15. Rxe5 Nc6 16. Re1 Bf6
17. b5 Ne5 18. Nb3 Qxb5 19. Nd4 Qxc5 20. Rb1 $44 {Timofeev,A-Bartel,M/
playchess.com INT 2004)}) (12. Qe2 $6 Bxc5 13. Nxc6 Nxc6 14. Qxg4 Qf6 15. Nb3
Bd6 16. f4 O-O-O 17. Be3 Rhg8 18. Qf3 Rg6 19. Rf2 Rdg8 $15 {Murariu,A-Bartel,M/
Balatonlelle 2003}) (12. Bxc6 bxc6 13. f4 Nd3 14. b4 a5 15. N2b3 Nxc1 16. Qxc1
$36 {Smirin,I-Akobian,V/Philadelphia 2004}) 12... Rg8 (12... Nxd4 13. Bxd7+
Qxd7 14. cxd4 Nc6 15. Qxg4 Bf6 16. Qf3 Qe7 17. Bf4 Bxd4 18. Bd6 $16 {Saltaev,
M-Ghane Gardeh,S/Teheran 1998}) (12... h5 13. Re1 Nxd4 14. Nxd4 Bxb5 15. Rxe5
Bd7 16. b4 Bf6 17. Re1 Qc7 {1/2-1/2 Emms,J-Lalic,B/Southend 2001/CBM 083 (17)})
13. Re1 (13. Kh1 Nxd4 14. Bxd7+ Qxd7 15. cxd4 Nc4 16. Qd3 O-O-O 17. Nd2 Bg5 18.
Nxc4 dxc4 19. Qxc4 Qxd4 $15 {Ricca,R-Faraoni,E/Asti 1996}) 13... Nc4 $6 (13...
Nxd4 {deserved attention:} 14. Nxd4 Bxb5 15. Nxb5 (15. Rxe5 Bd7 16. b4 Bf6 17.
Rh5 Qc7 18. Rxh7 Qe5 $132 {[%cal Ge5e4]}) 15... Qd7 16. Nd6+ Bxd6 17. cxd6 f6
18. Bf4 Qxd6 19. Qd4 $14 {and Black should hold the endgame, even though White
keeps the better chances.}) 14. Bf4 Nxd4 (14... Nxb2 $2 15. Qc2 Nc4 16. Qxh7
Rf8 17. Bxc6 bxc6 18. Bh6 $18) 15. Nxd4 Rc8 $2 {Taking the pawn on c5 is very
dangerous, but it was the better choice, comparing to the move which was
played in the game.} (15... Bxc5 16. Nxe6 $1 fxe6 17. Qxd5 Bxf2+ 18. Kh1 $1 (
18. Kxf2 $2 Qb6+ $17) 18... Kf7 19. Qh5+ Rg6 20. Rf1 (20. Qxh7+ Rg7 21. Qh5+
Kg8 22. Bxc4 Bxe1 23. Rxe1 Qf6 $132) 20... Qh4 21. Qxh4 Bxh4 22. Bxc4 Ke7 23.
Rad1 $36) 16. b3 $1 {Trapping the knight on a3 for quite a while.} (16. c6 $6
bxc6 17. Ba6 c5 18. Bxc8 Qxc8 19. Ne2 Rg6 20. b3 Nd6 $14) 16... Na3 (16... Na5
17. Bf1 Bxc5 18. b4 Bxd4 19. Qxd4 Nc6 20. Qxd5 $18) 17. Bd3 {[%csl Ra3]} Rxc5
18. Bxh7 Rg7 19. Bd3 Rxc3 20. Be5 $1 $40 Bf6 21. Qd2 Bxe5 22. Rxe5 Qc7 23. Rh5
Rg8 24. Rh7 e5 (24... b5 25. Re1 b4 26. Nf5) 25. Nf5 $2 {This allows Black to
escape. Much better was} (25. Re1 $1 $16 {with very strong attack.}) 25... e4
$2 {Black refuses to take his chance.} (25... Bxf5 26. Bxf5 Nc2 $1 27. Rf1 (27.
Rc1 Nd4 28. Rxc3 Qxc3 $19) 27... Nd4 28. Bd3 Rc6 $15 {[%cal Ge8c8]}) 26. Qg5 $3
1-0

[Event "RUS-ch51"]
[Site "St Petersburg"]
[Date "1998.08.01"]
[Round "5"]
[White "Svidler, Peter"]
[Black "Dolmatov, Sergey"]
[Result "1/2-1/2"]
[WhiteElo "2710"]
[BlackElo "2575"]
[Annotator "Finkel,A"]
[PlyCount "43"]
[EventDate "1998.07.28"]
[EventType "swiss"]
[EventRounds "11"]
[EventCountry "RUS"]
[SourceTitle "CBM 067"]
[Source "ChessBase"]
[SourceDate "1998.11.30"]
[SourceVersion "2"]
[SourceVersionDate "1998.11.01"]
[SourceQuality "1"]

1. e4 e6 2. d4 d5 3. Nc3 Nf6 4. e5 Nfd7 5. Nce2 c5 6. c3 Qb6 (6... Nc6) (6...
b5 $5) 7. Nf3 cxd4 8. cxd4 f6 9. exf6 Nxf6 10. Nc3 Nc6 {The arising position
usually comes up from variation which starts with 3.Nd2,but in the modern
chess it's quiet often occasion that after completly different move order or
even from completly different openings may arise similiar positions!} 11. Bd3
Bd6 12. O-O O-O 13. a3 {Till now both sides didn't have much choise:all the
moves are very logical without reasonable alternatives;but from now on almost
on each move both players have the the possibility to deviate from the main
line and sometimes these possibilities deserve serious attention.} a6 ({
Of course not} 13... e5 $6 14. dxe5 Nxe5 15. Nxe5 (15. Be3 $5 Qc7 16. Nxe5 Bxe5
17. h3 d4 $2 18. Nb5 Qb6 19. Bxd4 $16 {Lampe,J-Idessis,D/DLM 1994 (26)}) 15...
Bxe5 16. Nxd5 $1 Nxd5 17. Qh5 Bxh2+ 18. Qxh2 $14 {and white is clearly better;
Rott,G-Busse,K/Dortmund op 1990 (29)}) (13... Kh8 $5 14. Be3 (14. Bc2 Bd7 15.
Re1 Rae8 16. Bg5 a6 17. Qd3 $14 {Beshukov,S-Akhundov,R/Voroshilovgrad op 1989 
(44)}) 14... a6 (14... Qd8 15. Rc1 (15. h3 a6 16. Rc1 Bc7 17. Bb1 Qd6 18. Qd3
g6 19. Rfe1 Nh5 $132 {Dabetic,R-Radonjanin,V/JUG-chT 1994 (45)}) 15... e5 16.
dxe5 Nxe5 17. Nxe5 Bxe5 18. Bg5 h6 19. Bh4 Bf4 20. Rb1 Qd6 21. Bg3 $14 {
Zapata,A-Ostos,J/Merida op 1992 (47)}) 15. h3 (15. Rc1 Qc7 16. h3 Qf7 17. Ng5
Qe7 18. f4 Bd7 19. Na4 $5 $14 {Tseitlin,M-Schulz,M/Berlin Summer op 1992 (36)})
15... Bb8 16. Re1 Qc7 17. Rc1 e5 $2 18. dxe5 Nxe5 19. Nxd5 $1 $16 {Van Wely,
L-Tober,G/Vienna op 1991 (27)}) 14. Be3 (14. Bg5 {[%cal Gg5h4,Gh4g3]} Qc7 (
14... Kh8 15. Na4 Qc7 16. Rc1 Qf7 17. h3 Qh5 18. Be3 $14 {Sorsak,J-Hagara,E/
SVK-chJ U18 1994 (24)}) 15. Bh4 Nh5 16. Rc1 g6 17. Na4 Qg7 18. Nb6 Rb8 19. Bxa6
$5 Nxd4 $1 20. Nxd4 bxa6 21. Nxc8 Rfxc8 22. Rxc8+ Rxc8 23. Re1 $1 $14 {
Stillger,B-Gross,R/NRW-I 1990 (34)}) 14... Qc7 (14... Bd7 $5 15. b4 Qc7 16. Qc2
h6 17. h3 Rac8 18. Rac1 Be8 19. Qb3 Qe7 $13 {Daillet,E-Roos,L/FRA-ch 1990 (38)}
) 15. Rc1 Bd7 16. h3 Be8 17. Ng5 $5 {[%cal Gf2f4]} ({Nothing promises} 17. Qc2
h6 18. Nb1 $6 Nh5 19. Bh7+ Kh8 20. Nh4 $5 Nf4 21. Ng6+ Bxg6 22. Bxg6 Qe7 $15 {
and black seized the initiative;Sellos,D-Roos,L/FRA-chT 1989 (51)}) 17... Qe7
18. f4 {That's the idea of Ng5.} (18. Qc2 $6 h6 19. Nh7 Nxh7 20. Bxh7+ Kh8 21.
Rfe1 Qh4 $13) 18... h6 19. Nf3 Nh5 $1 {[%cal Gh5g3,Gg3f5] Very simple and
effective way to equalize.} 20. Ne5 Ng3 21. Re1 (21. Rf2 Nf5 22. Bxf5 Rxf5 23.
Qd3 {[%cal Gc3d5]} Rf8 24. Rcf1 Rd8 $13) 21... Bxe5 22. fxe5 $11 1/2-1/2

[Event "RUS-chT 16th"]
[Site "Dagomys"]
[Date "2009.04.10"]
[Round "7"]
[White "Rublevsky, Sergei"]
[Black "Volkov, Sergey"]
[Result "1-0"]
[WhiteElo "2702"]
[BlackElo "2594"]
[Annotator "Ftacnik,L"]
[PlyCount "101"]
[EventDate "2009.04.04"]
[EventType "team-tourn"]
[EventRounds "7"]
[EventCountry "RUS"]
[SourceTitle "EXT 2020"]
[Source "ChessBase"]
[SourceDate "2019.10.17"]
[SourceVersion "1"]
[SourceVersionDate "2019.10.17"]
[SourceQuality "1"]
[WhiteTeam "Sverdlovsk Ural region"]
[BlackTeam "Saransk TPS"]
[WhiteTeamCountry "RUS"]
[BlackTeamCountry "RUS"]

1. e4 e6 2. d4 d5 3. Nd2 Nf6 4. Bd3 c5 5. e5 Nfd7 6. c3 Nc6 7. Ne2 cxd4 8. cxd4
f6 9. Nf4 Nxd4 10. Qh5+ Ke7 11. exf6+ Nxf6 12. Ng6+ hxg6 13. Qxh8 Kf7 14. Qh4
e5 15. Nf3 Nxf3+ 16. gxf3 Bf5 17. Bxf5 gxf5 18. Bg5 Qa5+ 19. Kf1 g6 20. Qh8 $5
{The great double edged line in French Defence is played quite often. For the
sacrificed exchange Black gets strong central pawns and promising compensation
in the form of good piece coordination. White's chances are tied to a
transition to the rook versus bishop ending and the exploitation of the open
c-file.} ({The immediate exchange on f6 simplifies the defender's task. With
the help of bishop support the d-pawn can hope to become quite strong.} 20.
Bxf6 Qa6+ 21. Kg2 Qxf6 22. Qa4 (22. Qxf6+ Kxf6 23. Rac1 Bd6 24. Rhd1 Ke6 25.
Rc3 g5 26. Rdc1 Kd7 27. Rb3 b6 28. Rd3 d4 $15 {0-1 Van der Wiel,J (2555)
-Timman,J (2645)/Brussels 1986 (55)}) 22... Qc6 23. Qb3 Bc5 {Black's bishop
can find a good spot on h6 as well, but on c5 it is fighting against White's
ambition to exploit the c-file.} (23... Bh6 24. Rhd1 (24. Rad1 Rd8 25. Rd3 Kf6
26. Rc3 Qd7 27. Qc2 d4 28. Rc7 Qd5 29. Rd1 (29. Rh7 Bg7 30. h4 Qg8 31. Qc7 Re8
32. Rc1 Qxh7 33. Qd6+ {1/2-1/2 Miroshnichenko,E (2528)-Firman,N (2485)/Alushta
2002 (36)}) 29... Bf4 30. Rc8 Rxc8 31. Qxc8 Kg7 32. Qc7+ Kh6 33. Qb8 Kg7 34.
Qxa7 d3 $11 {0-1 Ni Hua (2621)-Wang Hao (2622)/Singapore 2006 (43)}) 24... Rd8
25. Rd3 Kf6 (25... Rd6 26. Rad1 Ke6 27. Rc3 Qb6 28. Qa4 Rc6 29. Qh4 Rxc3 30.
bxc3 Bg7 31. Qg5 Kf7 32. Rxd5 {1-0 Yandemirov,V (2500)-Vysochin,S (2500)/Minsk
1997}) 26. Rc3 Qd7 27. Rc5 b6 28. Rb5 d4 29. a4 Bf8 30. a5 Bc5 31. axb6 axb6
32. Ra6 $14 {1-0 Belov,V (2458)-Kosyrev,V (2558)/St Petersburg 2001 (39)
White's advantage is marginal.}) 24. Rhc1 (24. Rac1 b6 25. Rhe1 Kf6 {1/2-1/2
Brodsky,M (2528)-Gleizerov,E (2587)/Port Erin 2001}) 24... b6 25. Qc2 Qd6 (
25... Qe6 $5 $15) 26. a3 a5 27. b4 Bd4 28. Qc7+ Qxc7 29. Rxc7+ Kf6 30. Rac1 Kg5
$2 (30... axb4 $1 31. h4 e4 32. f4 Bc3 33. axb4 d4 $14) 31. Rc8 Rxc8 32. Rxc8
$16 {1-0 Tissir,M (2463)-Ghane Gardeh,S (2408)/Al Ain 2008 (50)}) 20... Qa6+ {
With this check Black is saving a tempo for the mobilization of his forces.
Otherwise White can hope to force the desired endgame of rook against bishop.}
(20... Qd8 21. Rc1 Bd6 22. Qh4 (22. Qxf6+ Qxf6 23. Bxf6 Kxf6 24. Rd1 d4 25. f4
e4 26. Rxd4 Bxf4 27. Rc4 Be5 $11 {1-0 Muhren,B (2334)-Bitalzadeh,A (2390)/
Hengelo 2007 (47)}) 22... Qh8 23. Bxf6 Qxf6 24. Qh7+ Qg7 25. Qxg7+ Kxg7 26. Rd1
d4 27. f4 e4 28. Rxd4 Bxf4 29. Rd7+ Kf6 30. Rxb7 $16 {1-0 Wang Hao (2619)
-Ganguly,S (2571)/Moscow 2007 (43) Black's survival chances are pretty dismal.}
) (20... Nd7 21. Rc1 (21. h4 Qa6+ 22. Kg2 Re8 23. Qh7+ Bg7 24. h5 Nf8 25. hxg6+
Qxg6 $11) 21... Re8 22. Qh7+ Bg7 23. Bh6 Rg8 24. Bxg7 Rxg7 25. Qh4 Nc5 26. b4
Qb5+ 27. Kg2 Ne6 28. Rhe1 d4 $11 {0-1 Schneider,V (2238)-Khantuev,A (2333)/
Budapest 2007 (44)}) (20... Qb6 21. Rc1 Re8 22. Bxf6 Qxf6 23. Qh7+ Qg7 24. Rc7+
Re7 25. Rxe7+ Kxe7 26. Qh4+ (26. Qxg7+ Bxg7 27. Rg1 Kf7 28. Ke2 $14) 26... g5
27. Qh5 Qh6 28. Qxh6 Bxh6 29. h4 Ke6 {1/2-1/2 Wang Hao (2624)-Berg,E (2581)/
Taby 2007 (38)} 30. h5 $5 $16 {would have put Black into a difficult position.}
) 21. Kg2 Re8 (21... Qd6 22. Rac1 Nh5 23. Rc2 Re8 24. Rhc1 e4 25. Rc7+ Ke6 26.
Qh7 Ke5 27. Rd7 exf3+ 28. Kxf3 Qb4 29. Rxd5+ Kxd5 30. Qd7+ Bd6 31. Rd1+ Kc4 32.
b3+ {1-0 Schneider,M (2115)-Kurmann,O (2331)/Lenzerheide 2006}) 22. Rac1 Be7
23. Qh6 Qd6 {Volkov has achieved a compact position with fine coordination of
his pieces and control of the c7-square. The challenge is not over as White
can double the rooks on the c-file.} 24. Rc2 (24. Rhd1 d4 25. Bxf6 Bxf6 26. Qe3
Re7 27. Qb3+ Qe6 28. Rc4 Bg5 29. Qc2 Qd6 30. Rc5 Bf4 31. h3 Kg7 $11 {1-0
Yandemirov,V (2481)-Iljushin,A (2530)/Ishevsk 2005 (51)}) 24... Bf8 25. Qh4 Bg7
$2 {The real reason behind Black's loss is this natural move. The best
solution lay in the knight move to h5 with sufficient counterplay.} (25... Nh5
$5 26. Qa4 Be7 27. Bd2 e4 $11) 26. Rhc1 Re7 (26... Nh5 27. Rc7+ Kg8 28. Rxb7 e4
29. Qh3 Bf6 30. Bd2 $16) 27. Bxf6 (27. Qa4 d4 (27... a6 28. Qa5 Rd7 29. Rc7 Ne8
30. Rxd7+ Qxd7 31. Qb6 $16) 28. Rc8 Rd7 29. Qxa7 e4 30. Qa3 Qxa3 31. bxa3 Nd5
32. fxe4 fxe4 33. Rd8 Rxd8 34. Bxd8 Ke6 35. Ba5 $16) 27... Bxf6 (27... Qxf6 28.
Qxf6+ Bxf6 29. Rc7 $16) 28. Qh7+ Bg7 29. Rc8 $6 {The position is quite complex
and Rublevsky misses the chance to create serious problems with the advance of
his h-pawn.} (29. h4 $1 e4 30. h5 $16) 29... e4 30. Rg8 (30. h4 Kf6 31. h5 gxh5
32. Qxh5 Qf4 $14) 30... Qf6 $2 {[%mdl 256] The defender is trying to combine
protection with an attack, but the idea is doomed to fail. Much better was to
advance the king to f6 and save the full potential of the queen for
counterattack.} (30... exf3+ 31. Kxf3 Qf6 32. Rcc8 $16) (30... Kf6 $1 31. Qh4+
g5 32. Qg3 Qf4 $14) 31. Rcc8 $6 {Rublevsky is tragically attracted to the c8
-square, which makes him blind to the decisive pawn advance.} (31. f4 $1 Ke6
32. Rcc8 Qf7 (32... d4 33. Rce8 Rxe8 34. Rxe8+ Kd5 35. Rg8 $18) 33. Rcd8 Bxb2
34. Qh3 Bf6 35. Qe3 $18) 31... exf3+ $2 {The final mistake in the sequence
will be costly for Black, he could have rectified his mistake by relocating
queen and king.} (31... Qg5+ $1 32. Kf1 Kf6 $14) 32. Kxf3 Qd4 (32... Ke6 33.
Rce8 Rxe8 34. Rxe8+ Kd6 35. Qg8 Qd4 36. Re6+ Kc5 37. Qc8+ $18) 33. Rcf8+ Ke6
34. Qxg6+ Bf6 (34... Kd7 $2 35. Rd8+ Kc7 36. Rc8+ Kd7 37. Rgd8#) 35. h3 {
The white king will now hide away from Black's checks and the insecure
position of Volkov's king will decide.} Qe4+ 36. Kg3 Qe5+ 37. Kg2 Qe4+ 38. Kh2
Qe5+ 39. Qg3 Qxb2 (39... f4 $2 40. Qg4+ Kd6 41. Rxf6+ Qxf6 42. Rg6 $18) (39...
Qxg3+ 40. fxg3 Bxb2 41. Re8 $18) 40. Rg6 Rf7 41. Re8+ $2 {Nearly certainly a
consequence of time trouble, as without stress both players would have
recognized the logical final touch of the game in the check on e3.} (41. Qe3+
$1 Qe5+ 42. Qxe5+ Kxe5 43. Rxf7 $18) 41... Kd7 (41... Re7 42. Rxe7+ Kxe7 43.
Qc7+ Ke6 44. Kg2 Qe5 45. Qxe5+ Kxe5 46. f4+ Ke6 47. h4 b5 48. h5 $18) 42. Qe3 (
42. Re3 $1 Qxa2 43. Rc3 $18) 42... Be7 {The defender has little chance of
survival in this sort of position. It was time to complicate White's task with
the exchange of queens.} (42... Qb6 $1 43. Qxb6 axb6 44. Re1 $16) 43. Ra8 Bd6+
(43... Rf6 44. Rxf6 Qxf6 45. Rxa7 $16) 44. Kg2 Re7 45. Qd3 Qe5 (45... Re5 46.
Rg7+ Be7 47. Rxa7 $18) 46. Qb5+ {White is now winning by force, the game is
over.} Kc7 47. Qa5+ b6 (47... Kd7 48. Rd8+ Kc6 49. Rc8+ Kd7 50. Qd8#) 48. Qxa7+
Kc6 49. Rc8+ Kb5 50. a4+ Kb4 51. Qxb6+ (51. Qxb6+ Ka3 52. Rg3+ $18) 1-0

[Event "Poikovsky Karpov 04th"]
[Site "Poikovsky"]
[Date "2003.04.26"]
[Round "6"]
[White "Rublevsky, Sergei"]
[Black "Lputian, Smbat G"]
[Result "1-0"]
[WhiteElo "2670"]
[BlackElo "2638"]
[Annotator "Ftacnik,L"]
[PlyCount "51"]
[EventDate "2003.04.20"]
[EventType "tourn"]
[EventRounds "9"]
[EventCountry "RUS"]
[EventCategory "16"]
[SourceTitle "CBM 095"]
[Source "ChessBase"]
[SourceDate "2003.07.25"]
[SourceVersion "1"]
[SourceVersionDate "2003.07.25"]
[SourceQuality "1"]

{[%mdl 1]} 1. e4 e6 2. d4 d5 3. Nd2 Be7 4. Ngf3 Nf6 5. e5 Nfd7 6. Bd3 c5 7. c3
Nc6 8. O-O a5 9. Re1 cxd4 10. cxd4 Qb6 11. Nb1 Nxd4 12. Nxd4 Qxd4 13. Nc3 Qb6
14. Qg4 Kf8 15. Nb5 Nc5 16. Be3 Bd7 17. Nd6 $146 {Rublevsky is investing the
second pawn in order to get a chance of penetrating on the weak dark squares.}
Bxd6 18. exd6 Qxd6 19. Qg3 Qc6 $8 (19... Qxg3 20. Bxc5+ $18) (19... e5 20. Qxe5
$1 Qxe5 21. Bxc5+ $18) 20. Rac1 b6 21. Rc3 h5 $2 {Very illogical idea that
weakens the whole complex of kingside squares. Lputian was obviously somewhat
nervous about the modest location of his rook on h8.} (21... f6 22. Rec1 e5 23.
Bxc5+ bxc5 24. Rxc5 Qd6 $13) 22. h4 Rc8 (22... f6 23. Rec1 e5 24. Bxc5+ bxc5
25. Rxc5 Qd6 $13) 23. Bd4 f6 24. Bg6 Re8 (24... e5 25. Rxe5 $3 fxe5 26. Bxe5
Kg8 (26... Be6 27. Qg5 d4 28. Bxg7+ $18) (26... Qe6 27. Rf3+ Kg8 28. Bf7+ $18)
(26... Ke7 27. Qg5+ Ke6 28. Bf4 $18) 27. Bf7+ Kxf7 28. Qxg7+ Ke8 29. Qxh8+ Ke7
30. Qg7+ Kd8 31. Qg5+ Ke8 32. Qxh5+ Ke7 33. Qg5+ Ke8 34. Rf3 $18) 25. Rf3 (25.
Bxe8 $5 Bxe8 26. Rec1 Ne4 27. Rxc6 Nxg3 28. Rxe6 $18) 25... Ke7 (25... Ne4 $1
26. Qf4 (26. Bxe4 dxe4 27. Rc3 Qd5 28. Bxb6 Kf7 $11) 26... e5 27. Bxe5 Re6 28.
Bd4 Qd6 $11) 26. Rxf6 $5 {The game was awarded a beauty prize, I have some
problems to comment on the last moves due to the dubious qualities of the 25.
Rf3 move as opposed to 25.Bxe8!? possibility.} (26. Bxe8 Rxe8 27. Qxg7+ Kd8 28.
Qxf6+ $18) (26. Rxf6 $5 gxf6 (26... Ref8 27. Rxf8 Rxf8 28. Bxg7 Rg8 29. Qg5+
Kd6 30. Be5#) 27. Bxf6+ Kf8 (27... Kxf6 28. Qg5+ Kg7 29. Bxh5+ Kf8 30. Qf6+ Kg8
31. Qf7#) 28. Bf7 $1 Kxf7 29. Qg7#) 1-0

[Event "POL-ch37"]
[Site "Lodz"]
[Date "1980.??.??"]
[Round "2"]
[White "Sznapik, Aleksander"]
[Black "Przewoznik, Jan"]
[Result "1-0"]
[WhiteElo "2405"]
[BlackElo "2340"]
[Annotator "Gagarin,V"]
[PlyCount "81"]
[EventDate "1980.02.10"]
[EventType "tourn"]
[EventRounds "17"]
[EventCountry "POL"]
[EventCategory "6"]
[SourceTitle "MCL"]
[Source "ChessBase"]
[SourceDate "1999.07.01"]
[SourceVersion "1"]
[SourceVersionDate "1999.07.01"]
[SourceQuality "1"]

1. e4 e6 2. d4 d5 3. Nd2 Nf6 4. e5 Nfd7 5. c3 c5 6. Bd3 b6 7. Ne2 Ba6 8. Bxa6
Nxa6 9. O-O Be7 $6 (9... g6 $6 10. Nf3 Bg7 11. Bg5 Qc8 12. Qd2 h6 13. Be3 Qb7
14. h4 $16 {-/+>> ECO} (14. Ne1 Nab8 15. f4 Nc6 16. b3 Ne7 17. Nd3 Rc8 18. Rf3
h5 19. Bf2 Nf5 $13 {Ragozin,V-Botvinnik,M/Leningrad m/1940/1/2-1/2/33/})) (9...
Nc7 $5 {Botvinnik} 10. f4 $6 (10. Ng3 Be7 11. Nf3 h5 12. Ne1 (12. Be3 $142 $14
{Botvinnik}) 12... g6 13. Nd3 Qc8 14. Be3 c4 15. Nf4 b5 16. Nh3 Qd8 $1 17. Qd2
a5 $13 {Tolush,A-Botvinnik,M/URS-ch Moscow/1952/1/2-1/2/40/}) 10... f5 $1 11.
exf6 Nxf6 12. Nf3 Bd6 13. Ng3 O-O 14. Ne5 cxd4 $1 15. cxd4 Ne4 $1 $132 {
<->e4 /Kan,I-Botvinnik,M/Nikolina Gora/1952/0:1/40/}) (9... b5 $5 $14 {Short})
10. Nf4 (10. Ng3 O-O 11. Qg4 f5 12. exf6 Rxf6 13. Nh5 Rg6 14. Qe2 Nc7 15. Nf3
Bd6 16. g3 $16 {Kotov,A-Keres,P/URS-ch Moscow/1948/1:0/41/}) (10. f4 f5 $1 (
10... O-O 11. f5 $1 $16 {~/=}) 11. exf6 Bxf6 12. Nf3 O-O 13. Be3 Nc7 14. Qd3
Qc8 15. Ng3 Qa6 16. Qd2 Rae8 17. a4 Qb7 18. b4 a5 19. b5 Be7 20. Qd3 Rf7 21.
Rae1 Ref8 22. Bd2 Bf6 23. f5 $36 {Botvinnik,M-Petrov,V/URS-ch Moscow/1:0/37/})
10... Rc8 $6 (10... cxd4 11. cxd4 g6 (11... Nb4 12. Qg4 g6 13. Nf3 b5 14. Bd2
$14) 12. Nf3 Nb4 13. a3 Nc6 $14) (10... O-O 11. Qg4 Nc7 12. Re1 cxd4 13. cxd4
Re8 14. Nf3 $14) (10... Nc7 11. Qg4 (11. Nf3 O-O 12. Re1 $14) (11. Re1 c4 $5 (
11... O-O 12. Nf1 $14)) 11... g6 12. Re1 Nb8 13. dxc5 bxc5 14. c4 $14 {
Razuvaev,Y-Bagirov,V/URS-FL Tbilisi/1973/1:0/28/}) (10... b5 $5 $14 {Short})
11. Qh5 Rc6 12. Nf3 Nc7 13. Qg4 g6 14. h4 h5 15. Qg3 Kf8 16. Nh3 Ne8 17. Bg5
$16 {-/+>> ECO} Ng7 18. Qf4 Nf5 19. Rad1 c4 $6 (19... cxd4 $5 20. cxd4 Kg7 21.
Rc1 Nb8 $14 {|^<->d4}) 20. Ne1 Kg7 21. g3 b5 22. Ng2 a5 23. f3 Bxg5 24. Nxg5
Qe7 25. g4 hxg4 $6 (25... Nh6 $5 26. gxh5 gxh5 (26... Nf5 $5 27. hxg6 fxg6 $16)
27. Ne3 Nf8 $16) 26. fxg4 Nh6 27. Rde1 Nf8 28. Qg3 Nh7 29. Nxh7 Kxh7 30. Nf4 b4
31. Nh3 Rb8 32. Ng5+ Kg7 33. Rf6 bxc3 34. bxc3 Rcb6 35. h5 $18 {~/=} R8b7 36.
hxg6 fxg6 37. Ref1 Qe8 38. Qf4 Rb8 39. Nf7 Ng8 40. Qg5 Nxf6 41. Qxf6+ 1-0